| 000 | 00463cam a2200193ua 4500 | ||
|---|---|---|---|
| 020 | _cRs.120.00 | ||
| 041 |
_aeng _h |
||
| 082 |
_a600 _bSAK/IN |
||
| 100 | _aSakti, Mukherjee . | ||
| 245 | _aInternational transfer of Technology | ||
| 250 |
_a1 / _b. |
||
| 260 |
_aNew Delhi : _bMittal publications , _c1989. |
||
| 300 | _a101 ; . | ||
| 365 | _aRs.120.00 | ||
| 504 | _a | ||
| 700 | 1 | _aIndrani, Mukherjee . | |
| 942 | _cBK | ||
| 999 |
_c280 _d280 |
||